000 00509nam a2200169Ia 4500
005 20250923145211.0
008 008 250917s9999 xx 000 0 eng d
037 _aTextual
040 _aDSWL
_beng
_cDSWL
041 _aeng
_2eng
084 _aY:45.2'N68s, N70
_qDSWL
245 0 _aCrime in India 1968
_cby Ministry of Home Affairs
260 _bGovt. of India Ministry of Home Affairs
_c1970
300 _axii,284p.
942 _cTEXL
_hY:45.2'N68s, N70
999 _c1448390
_d1448390